| 000 | 00410pab a2200169 454500 | ||
|---|---|---|---|
| 008 | 180718b1997 xxu||||| |||| 00| 0 eng d | ||
| 100 | _aBajaj, K.K. | ||
| 245 | _aIntrospection on higher education | ||
| 260 | _c1997 | ||
| 300 | _ap.1-3, 7 | ||
| 362 | _a13 Oct | ||
| 650 | _aEducation, Higher - India | ||
| 650 | _aEducation - India | ||
| 650 | _aEducation | ||
| 773 | _aUniversity News | ||
| 909 | _a35717 | ||
| 999 |
_c35717 _d35717 |
||